| 000 | 01114 a2200217 4500 | ||
|---|---|---|---|
| 003 | Nust | ||
| 005 | 20221130153717.0 | ||
| 010 | _a 93136069 | ||
| 020 | _a8170294134 | ||
| 040 | _cNust | ||
| 082 | 0 | 0 | _a621.3815,TOO |
| 100 | 1 |
_aTooley, Michael H. _9103830 |
|
| 245 | 1 | 0 |
_aElectronic circuits handbook : _bdesign, testing, and construction / _cMichael Tooley. |
| 250 | _a2nd ed. | ||
| 260 |
_aOxford ; _aBoston : _bButterworth-Heinemann, _c1993. |
||
| 300 |
_a373 p. : _bill. ; _c25 cm. |
||
| 505 | _aIntroduction (Page-1), Passive Components (Page-5), Semiconductors (Page-35), Power Supplies (Page-52), Amplifiers (Page-75), Operational amplifiers (Page-101), Logic Circuits (Page-122), Timers (Page-154), Power Control (Page-174), Optoelectronics (Page-185), Radio frequency Circuit Techniques (Page-196), Computer Interfacing (Page-220), Computer aided Circuit Design (Page-244), Tools and Test equipment (Page-275), Circuit Construction (Page-292), Projects (Page-315). | ||
| 650 | 0 |
_aElectronic circuits _xHandbooks, manuals, etc. _9103831 |
|
| 700 | 1 |
_aTooley, Michael H. _9103830 |
|
| 942 |
_2ddc _cBK |
||
| 999 |
_c182158 _d182158 |
||